ENGLISH (CORE) CBSE XI (Record no. 19016)

MARC details
000 -LEADER
fixed length control field 00238nam a22001217a 4500
003 - CONTROL NUMBER IDENTIFIER
control field SGT
082 ## - DEWEY DECIMAL CLASSIFICATION NUMBER
Classification number 370
Item number JIW
100 ## - MAIN ENTRY--PERSONAL NAME
Personal name JIWAN
245 ## - TITLE STATEMENT
Title ENGLISH (CORE) CBSE XI
260 ## - PUBLICATION, DISTRIBUTION, ETC. (IMPRINT)
Place of publication, distribution, etc DELHI
Name of publisher, distributor, etc JIVAN
Year of Publication 2018
300 ## - PAGE DESCRIPTION
No. of Pages 724
942 ## - ADDED ENTRY ELEMENTS (KOHA)
Source of classification or shelving scheme Dewey Decimal Classification
Koha item type Books
Holdings
Withdrawn status Lost status Source of classification or shelving scheme Damaged status Not for loan Collection code Home library Current library Date acquired SGTU Full call number Accession No. (Barcode) Date last seen Bill Date Koha item type
    Dewey Decimal Classification     EDUCATION SGT Engineering Library SGT Engineering Library 05/09/2019 SGTU 370 JIW ED4301 05/09/2019 05/09/2019 Books